[Event "Muensterland Verbandsklasse-A 0607"]
[Site "Germany"]
[Date "2007.03.24"]
[Round "7.4"]
[White "Roescher, Friedrich"]
[Black "Reichstein, Michael"]
[Result "1-0"]
[WhiteElo "1840"]
[BlackElo "1837"]
[PlyCount "97"]
[EventDate "2006.09.23"]
[EventType "team"]
[EventRounds "9"]
[EventCountry "GER"]
[SourceTitle "EXT 2008"]
[Source "ChessBase"]
[SourceDate "2007.11.25"]
[SourceVersion "1"]
[SourceVersionDate "2007.11.25"]
[SourceQuality "1"]
[WhiteTeam "Heiden II"]
[BlackTeam "Sendenhorst"]
[WhiteTeamCountry "GER"]
[BlackTeamCountry "GER"]

1. Nf3 d5 2. d4 g6 3. c4 c6 4. g3 Bg7 5. Bg2 dxc4 6. a4 Bg4 7. Be3 Bxf3 8. Bxf3 Qb6 9. Na3 Qb4+ 10. Kf1 Nf6 11. Nb5 Na6 12. Bd2 Qb3 13. Qc1 c3 14. Nxc3 Rd8 15. e3 0-0 16. Kg2 Nc7 17. Ra3 Qe6 18. b4 Rc8 19. Qb1 Qd6 20. Qa2 a6 21. Rb1 Ne6 22. h4 g5 23. hxg5 Nxg5 24. b5 Qd7 25. Rh1 Qf5 26. Be2 cxb5 27. Qb1 Qxb1 28. Rxb1 Nfe4 29. Be1 Nxc3 30. Bxc3 b6 31. Be1 Rc7 32. a5 bxa5 33. Rxa5 Rc6 34. Rba1 Rb8 35. Rxa6 Rxa6 36. Rxa6 b4 37. Bd3 e5 38. dxe5 b3 39. f4 Ne6 40. Ra1 f6 41. Bc3 fxe5 42. Bc4 Kf7 43. f5 Kf6 44. fxe6 Rc8 45. Rf1+ Kg5 46. e7 Bf6 47. Bxb3 Bxe7 48. Bxe5 Rc5 49. Bd4 1-0

[Event "Muensterland Verbandsklasse-A 0607"]
[Site "Germany"]
[Date "2007.02.17"]
[Round "6.3"]
[White "Roescher, Friedrich"]
[Black "Wigger, Frank"]
[Result "1/2-1/2"]
[WhiteElo "1840"]
[BlackElo "1802"]
[PlyCount "38"]
[EventDate "2006.09.23"]
[EventType "team"]
[EventRounds "9"]
[EventCountry "GER"]
[SourceTitle "EXT 2008"]
[Source "ChessBase"]
[SourceDate "2007.11.25"]
[SourceVersion "1"]
[SourceVersionDate "2007.11.25"]
[SourceQuality "1"]
[WhiteTeam "Heiden II"]
[BlackTeam "Metelen"]
[WhiteTeamCountry "GER"]
[BlackTeamCountry "GER"]

1. Nf3 Nf6 2. c4 c5 3. Nc3 g6 4. g3 Bg7 5. Bg2 0-0 6. 0-0 Nc6 7. a3 d6 8. Rb1 a5 9. d3 Bg4 10. Nd5 Nxd5 11. cxd5 Nb8 12. b4 axb4 13. axb4 b6 14. Qb3 Na6 15. Bd2 Qd7 16. Rfc1 Ra7 17. bxc5 bxc5 18. Qb6 h5 19. h3 Bxf3 1/2-1/2

[Event "Muensterland Verbandsliga 0607"]
[Site "Germany"]
[Date "2006.12.16"]
[Round "4.7"]
[White "Roescher, Friedrich"]
[Black "Hiller, Simon"]
[Result "0-1"]
[WhiteElo "1840"]
[BlackElo "1958"]
[PlyCount "56"]
[EventDate "2006.09.16"]
[EventType "team"]
[EventRounds "9"]
[EventCountry "GER"]
[SourceTitle "EXT 2008"]
[Source "ChessBase"]
[SourceDate "2007.11.25"]
[SourceVersion "1"]
[SourceVersionDate "2007.11.25"]
[SourceQuality "1"]
[WhiteTeam "Heiden"]
[BlackTeam "Saerbeck"]
[WhiteTeamCountry "GER"]
[BlackTeamCountry "GER"]

1. d4 Nf6 2. c4 g6 3. Nc3 d5 4. cxd5 Nxd5 5. e4 Nxc3 6. bxc3 Bg7 7. Bc4 c5 8. Be3 0-0 9. Ne2 Nc6 10. 0-0 Bg4 11. f3 Na5 12. Bxf7+ Rxf7 13. fxg4 Rxf1+ 14. Kxf1 cxd4 15. cxd4 e5 16. d5 Qh4 17. Kg1 Nc4 18. Bf2 Qxg4 19. Nc3 Qd7 20. Qa4 Qxa4 21. Nxa4 Nd6 22. Re1 b6 23. Nc3 Rc8 24. Re3 Bh6 25. Rd3 Nxe4 26. Nxe4 Rc1+ 27. Be1 Rxe1+ 28. Kf2 Rxe4 0-1

[Event "Muensterland Verbandsklasse-A 0607"]
[Site "Germany"]
[Date "2006.11.18"]
[Round "3.5"]
[White "Hartmann, Viktor"]
[Black "Roescher, Friedrich"]
[Result "0-1"]
[WhiteElo "1784"]
[BlackElo "1840"]
[PlyCount "104"]
[EventDate "2006.09.23"]
[EventType "team"]
[EventRounds "9"]
[EventCountry "GER"]
[SourceTitle "EXT 2008"]
[Source "ChessBase"]
[SourceDate "2007.11.25"]
[SourceVersion "1"]
[SourceVersionDate "2007.11.25"]
[SourceQuality "1"]
[WhiteTeam "Ibbenbueren"]
[BlackTeam "Heiden II"]
[WhiteTeamCountry "GER"]
[BlackTeamCountry "GER"]

1. d4 Nf6 2. c4 g6 3. Nc3 Bg7 4. e4 d6 5. Nf3 0-0 6. Be2 e5 7. d5 a5 8. 0-0 Na6 9. Be3 Ne8 10. Rc1 f5 11. exf5 gxf5 12. Bg5 Nf6 13. a3 Bd7 14. h3 Qe8 15. Nh2 a4 16. Nb5 Bxb5 17. cxb5 Nc5 18. Be3 Nfd7 19. Qc2 b6 20. Nf3 f4 21. Bxc5 Nxc5 22. Ng5 e4 23. Ne6 Nxe6 24. dxe6 Qxe6 25. Rfd1 Qg6 26. Qxc7 f3 27. Bc4+ Kh8 28. g4 Be5 29. Bd5 Rf4 30. Bxa8 Rxg4+ 31. Kh1 Qh6 32. Qc8+ Rg8 33. Qf5 Rxa8 34. Rc8+ Rxc8 35. Qxc8+ Kg7 36. Rg1+ Kf6 37. Qd8+ Kf7 38. Qd7+ Kf6 39. Rg8 Qc1+ 40. Rg1 Qh6 41. Qc8 Ke7 42. Rg8 Qh5 43. Qf8+ Ke6 44. Qc8+ Ke7 45. Qd8+ Ke6 46. Re8+ Kd5 47. Qc8 Kd4 48. Qc3+ Kd5 49. Qc6+ Kd4 50. Qxb6+ Kc4 51. Rc8+ Kb3 52. Qe3+ Ka2 0-1

[Event "Muensterland Verbandsklasse-A 0506"]
[Site "Germany"]
[Date "2006.05.06"]
[Round "9.4"]
[White "Beckmann, Christian"]
[Black "Roescher, Friedrich"]
[Result "1/2-1/2"]
[WhiteElo "1700"]
[BlackElo "1847"]
[PlyCount "103"]
[EventDate "2005.09.03"]
[EventType "team"]
[EventRounds "9"]
[EventCountry "GER"]
[SourceTitle "EXT 2006"]
[Source "ChessBase"]
[SourceDate "2005.11.24"]
[SourceVersion "1"]
[SourceVersionDate "2005.11.24"]
[SourceQuality "1"]
[WhiteTeam "Ahaus Wessum"]
[BlackTeam "Heiden II"]
[WhiteTeamCountry "GER"]
[BlackTeamCountry "GER"]

1. e4 c5 2. Nf3 a6 3. d4 cxd4 4. Nxd4 Nf6 5. Nc3 e5 6. Nf5 d5 7. Bg5 Bxf5 8. Bxf6 gxf6 9. exf5 Bb4 10. a3 Bxc3+ 11. bxc3 Qa5 12. Qd2 Nc6 13. c4 0-0-0 14. Qxa5 Nxa5 15. cxd5 Rxd5 16. Bd3 Rd4 17. f3 Rhd8 18. Ke2 Nb3 19. cxb3 Rxd3 20. Rhc1+ Kb8 21. Rd1 Rxd1 22. Rxd1 Rxd1 23. Kxd1 Kc7 24. Kd2 Kd6 25. Kd3 Kd5 26. g4 a5 27. h3 h6 28. a4 b6 29. Kc3 Kc5 30. b4+ axb4+ 31. Kb3 Kd4 32. Kxb4 Ke3 33. Kb5 Kxf3 34. Kxb6 e4 35. a5 e3 36. a6 e2 37. a7 e1Q 38. a8Q+ Kg3 39. Qa3+ Kh4 40. Qf8 Qe3+ 41. Kc6 Qc1+ 42. Kb5 Qb2+ 43. Kc4 Kxh3 44. Qxh6+ Kxg4 45. Qh7 Qc2+ 46. Kd4 Qxf5 47. Qxf7 Qe5+ 48. Kd3 Kf3 49. Qb7+ Kg3 50. Qg7+ Kf2 51. Qa7+ Kf1 52. Qe3 1/2-1/2

[Event "Muensterland Verbandsklasse-A 0506"]
[Site "Germany"]
[Date "2006.03.25"]
[Round "3.2"]
[White "Voskuhl, Jens"]
[Black "Roescher, Friedrich"]
[Result "1-0"]
[WhiteElo "1976"]
[BlackElo "1847"]
[PlyCount "59"]
[EventDate "2005.09.03"]
[EventType "team"]
[EventRounds "9"]
[EventCountry "GER"]
[SourceTitle "EXT 2006"]
[Source "ChessBase"]
[SourceDate "2005.11.24"]
[SourceVersion "1"]
[SourceVersionDate "2005.11.24"]
[SourceQuality "1"]
[WhiteTeam "Ibbenbueren"]
[BlackTeam "Heiden II"]
[WhiteTeamCountry "GER"]
[BlackTeamCountry "GER"]

1. e4 d5 2. exd5 Qxd5 3. Nc3 Qa5 4. d4 Nf6 5. Nf3 Bg4 6. h3 Bh5 7. g4 Bg6 8. Ne5 e6 9. Nc4 Qb4 10. a3 Qe7 11. Bg2 c6 12. Bf4 Qd8 13. Qd2 Be7 14. 0-0-0 0-0 15. Ne5 Nbd7 16. Nxg6 hxg6 17. Bf3 Nb6 18. Bg5 Nbd5 19. Nxd5 exd5 20. h4 Re8 21. Bxf6 Bxf6 22. g5 Be7 23. Rdg1 Bd6 24. h5 Qc7 25. Qd3 Re6 26. Bg4 Re4 27. hxg6 fxg6 28. f3 Rxg4 29. Rxg4 Qf7 30. Rgh4 1-0

[Event "Muensterland Verbandsliga 0506"]
[Site "Germany"]
[Date "2005.09.17"]
[Round "2.8"]
[White "Roescher, Friedrich"]
[Black "Ross, Matthias"]
[Result "1-0"]
[WhiteElo "1847"]
[BlackElo "2090"]
[PlyCount "109"]
[EventDate "2005.08.27"]
[EventType "team"]
[EventRounds "9"]
[EventCountry "GER"]
[SourceTitle "EXT 2006"]
[Source "ChessBase"]
[SourceDate "2005.11.24"]
[SourceVersion "1"]
[SourceVersionDate "2005.11.24"]
[SourceQuality "1"]
[WhiteTeam "Heiden"]
[BlackTeam "Neuenkirchen"]
[WhiteTeamCountry "GER"]
[BlackTeamCountry "GER"]

1. e4 c5 2. Nf3 d6 3. d4 cxd4 4. Nxd4 Nf6 5. Nc3 g6 6. Be3 Bg7 7. f3 0-0 8. Bc4 Nc6 9. Qd2 Bd7 10. Bb3 Rc8 11. 0-0-0 Ne5 12. Kb1 a5 13. a4 Nc4 14. Bxc4 Rxc4 15. b3 Rc8 16. g4 Be6 17. Ndb5 h5 18. h3 Qd7 19. Nd5 Bxd5 20. exd5 Kh7 21. Bd4 Ne8 22. Bxg7 Nxg7 23. Qxa5 Rc5 24. Qd2 f5 25. Qd3 Rfc8 26. c4 Rf8 27. Rde1 Rcc8 28. Nd4 Rf6 29. Re2 Re8 30. g5 Rff8 31. Ne6 Nxe6 32. Rxe6 Rf7 33. Rhe1 Qc7 34. Qd4 b5 35. cxb5 Rc8 36. R6e2 Qb7 37. Rc1 Rxc1+ 38. Kxc1 Rf8 39. Rc2 Rc8 40. Rxc8 Qxc8+ 41. Kb2 e5 42. Qa7+ Kh8 43. Qf7 Qc5 44. Qe8+ Kg7 45. Qc6 Qd4+ 46. Ka2 Qd2+ 47. Ka3 Qd4 48. b6 e4 49. b7 Qa1+ 50. Kb4 Qd4+ 51. Kb5 Qd3+ 52. Ka5 Qd2+ 53. Ka6 Qd3+ 54. Ka7 Qd4+ 55. Ka8 1-0

[Event "Muensterland Verbandsklasse-A 0304"]
[Site "Germany"]
[Date "2004.01.17"]
[Round "5.3"]
[White "Roescher, Friedrich"]
[Black "Limbach, Renate"]
[Result "1/2-1/2"]
[WhiteElo "1858"]
[BlackElo "2128"]
[PlyCount "73"]
[EventDate "2003.09.20"]
[EventType "team"]
[EventRounds "9"]
[EventCountry "GER"]
[SourceTitle "EXT 2005"]
[Source "ChessBase"]
[SourceDate "2004.11.15"]
[SourceVersion "1"]
[SourceVersionDate "2004.11.15"]
[SourceQuality "1"]
[WhiteTeam "Heiden II"]
[BlackTeam "Emsdetten Turm III"]
[WhiteTeamCountry "GER"]
[BlackTeamCountry "GER"]

1. c4 f5 2. Nf3 Nf6 3. g3 d6 4. d4 g6 5. Nc3 Bg7 6. Bg2 0-0 7. 0-0 c6 8. b3 e5 9. dxe5 dxe5 10. Ba3 Re8 11. Qxd8 Rxd8 12. Rfd1 Re8 13. Rac1 Bh6 14. e3 Nbd7 15. Bd6 e4 16. Ne1 Ng4 17. Rc2 Nge5 18. Ne2 b6 19. h4 Kf7 20. Nf4 a5 21. a4 Nc5 22. Rb1 Ra7 23. Bf1 Rd7 24. Bxe5 Rxe5 25. Be2 Re8 26. b4 Nb7 27. b5 c5 28. Nd5 Re6 29. Ng2 Nd6 30. Nxb6 Rd8 31. Nd5 Bb7 32. Ngf4 Bxf4 33. Nxf4 Re7 34. Rd1 Red7 35. Rcd2 Ke7 36. Nd5+ Bxd5 37. Rxd5 1/2-1/2

[Event "Muensterland Verbandsklasse-A 0304"]
[Site "Germany"]
[Date "2003.12.13"]
[Round "4.3"]
[White "Schellerhoff, Markus"]
[Black "Roescher, Friedrich"]
[Result "1/2-1/2"]
[WhiteElo "1628"]
[BlackElo "1858"]
[PlyCount "34"]
[EventDate "2003.09.20"]
[EventType "team"]
[EventRounds "9"]
[EventCountry "GER"]
[SourceTitle "EXT 2005"]
[Source "ChessBase"]
[SourceDate "2004.11.15"]
[SourceVersion "1"]
[SourceVersionDate "2004.11.15"]
[SourceQuality "1"]
[WhiteTeam "Gesch II"]
[BlackTeam "Heiden II"]
[WhiteTeamCountry "GER"]
[BlackTeamCountry "GER"]

1. e4 e5 2. Nf3 Nc6 3. d4 exd4 4. Nxd4 Nf6 5. Nxc6 bxc6 6. e5 Nd5 7. c4 Nb6 8. Bd3 Qe7 9. 0-0 d6 10. exd6 Qxd6 11. Nc3 Be7 12. b3 Be6 13. Bb2 0-0-0 14. Be4 Qxd1 15. Raxd1 Rxd1 16. Rxd1 Bd7 17. Ne2 f6 1/2-1/2

[Event "Muensterland Verbandsklasse-A 0304"]
[Site "Germany"]
[Date "2003.10.04"]
[Round "2.3"]
[White "Kasubke, Manfred"]
[Black "Roescher, Friedrich"]
[Result "1/2-1/2"]
[WhiteElo "1886"]
[BlackElo "1858"]
[PlyCount "85"]
[EventDate "2003.09.20"]
[EventType "team"]
[EventRounds "9"]
[EventCountry "GER"]
[SourceTitle "EXT 2005"]
[Source "ChessBase"]
[SourceDate "2004.11.15"]
[SourceVersion "1"]
[SourceVersionDate "2004.11.15"]
[SourceQuality "1"]
[WhiteTeam "Nordwalde"]
[BlackTeam "Heiden II"]
[WhiteTeamCountry "GER"]
[BlackTeamCountry "GER"]

1. c4 e5 2. Nc3 Nc6 3. g3 g6 4. Bg2 Bg7 5. e3 d6 6. Nge2 Nge7 7. 0-0 0-0 8. h3 Be6 9. Nd5 Qd7 10. Kh2 Nd8 11. d4 c6 12. Nxe7+ Qxe7 13. dxe5 dxe5 14. Qa4 f5 15. b3 Qc7 16. Ba3 Re8 17. Rad1 Nf7 18. Rd2 a6 19. c5 Rad8 20. Rfd1 Rxd2 21. Rxd2 Rd8 22. Qb4 Rd7 23. Bc1 Qd8 24. Qc3 Rxd2 25. Bxd2 Bd5 26. Qc2 Bxg2 27. Kxg2 Qd5+ 28. f3 Bh6 29. Bc1 e4 30. f4 Bg7 31. b4 Qd3 32. Qxd3 exd3 33. Nd4 Nd8 34. Kf2 Kf7 35. Ke1 Bxd4 36. exd4 Ke6 37. Kd2 Kd5 38. Kxd3 Ne6 39. Be3 h5 40. h4 Nc7 41. a4 Ne8 42. Bd2 Nf6 43. Bc3 1/2-1/2

[Event "Muensterland Verbandsklasse-A 0203"]
[Site "Muensterland"]
[Date "2003.04.05"]
[Round "8.3"]
[White "Roescher, Friedrich"]
[Black "Horstmann, Michael"]
[Result "1/2-1/2"]
[WhiteElo "1862"]
[BlackElo "1791"]
[PlyCount "56"]
[EventDate "2002.09.28"]
[EventType "team"]
[EventRounds "9"]
[EventCountry "GER"]
[SourceTitle "EXT 2004"]
[Source "ChessBase"]
[SourceDate "2003.11.25"]
[SourceVersion "1"]
[SourceVersionDate "2003.11.25"]
[SourceQuality "1"]
[WhiteTeam "Heiden II"]
[BlackTeam "Emsdetten Rochade"]
[WhiteTeamCountry "GER"]
[BlackTeamCountry "GER"]

1. d4 Nf6 2. c4 g6 3. Nc3 d5 4. cxd5 Nxd5 5. e4 Nxc3 6. bxc3 Bg7 7. Be3 0-0 8. Nf3 c5 9. Be2 Nc6 10. Qd2 Qa5 11. Rc1 cxd4 12. cxd4 Qxd2+ 13. Kxd2 e6 14. Rhd1 f5 15. exf5 gxf5 16. g3 Nb4 17. Bc4 Rd8 18. Bg5 Rd6 19. Be7 Rb6 20. Ne5 Nd5 21. Bxd5 exd5 22. f4 Rb2+ 23. Rc2 Rxc2+ 24. Kxc2 Be6 25. Kd2 Rc8 26. Rb1 Bxe5 27. dxe5 b6 28. Rc1 Rxc1 1/2-1/2